10 największych producentów i konsumentów ropy - Statystyki

Ogólne statystyki
  • Ten quiz został rozwiązany 189 razy
  • Średni wynik to 17 z 20
Statystyki odpowiedzi
Top Producenci % Poprawnych
12,704 Stany Zjednoczone
97%
19,396 Stany Zjednoczone
97%
4,309 Chiny
96%
11,968 Chiny
96%
10,980 Rosja
96%
3,113 Rosja
96%
12,014 Arabia Saudyjska
95%
3,895 Arabia Saudyjska
95%
4,159 Indie
89%
3,920 Iran
89%
4,385 Kanada
87%
2,322 Kanada
87%
2,338 Niemcy
86%
4,031 Irak
84%
3,902 Zjednoczone Emiraty Arabskie
82%
3,157 Brazylia
80%
4,150 Japonia
80%
3,096 Kuwejt
72%
2,626 Wenezuela
58%
2,575 Korea Południowa
56%
Nie znaleziono quizów pasujących do podanych kryteriów
Rozkład punktacji
Procent ludzi z każdym wynikiem
Percentyl według liczby udzielonych odpowiedzi
Twoja historia wyników
Nie rozwiązałeś tego quizu